[Event "Minneapolis HB Global op"]
[Site "Minneapolis"]
[Date "2005.05.19"]
[Round "3"]
[White "Kudrin, Sergey"]
[Black "Ishkanov, Tigran"]
[Result "1-0"]
[WhiteElo "2554"]
[BlackElo "2342"]
[Annotator "Rogozenco,D"]
[PlyCount "77"]
[EventDate "2005.05.18"]
[EventType "swiss"]
[EventRounds "9"]
[EventCountry "USA"]
[SourceTitle "CBM 107"]
[Source "ChessBase"]
[SourceDate "2005.08.01"]
[SourceVersion "1"]
[SourceVersionDate "2005.08.01"]
[SourceQuality "1"]

1. e4 c5 2. Nf3 Nc6 3. d4 cxd4 4. Nxd4 Nf6 5. Nc3 e5 6. Ndb5 d6 7. Bg5 a6 8.
Na3 b5 9. Bxf6 gxf6 10. Nd5 Bg7 11. c3 f5 12. exf5 Bxf5 13. Nc2 Be6 14. a4 O-O
15. axb5 axb5 16. Rxa8 Qxa8 17. Nce3 (17. Bxb5 $2 Nd4 $17) (17. Nc7 Qa2 18.
Bxb5 Qxb2 19. O-O Bb3 20. Qxd6 $11) 17... Qb7 (17... Nd4 $11) 18. g4 $1 {
The only way to set some problems for Black, implemented by G.Kasparov in year
2000.} b4 ({Safer is the main continuation} 18... Ne7 {For instance:} 19. Bg2
Nxd5 20. Bxd5 (20. Nxd5 $2 Qd7 21. Ne3 Bh6 $15 {0-1 Valent,P (2089)-Horvath,P 
(2431)/St Veit 2000 (56)}) 20... Qd7 (20... Qe7 21. h4 Rc8 22. g5 Rc5 23. Be4
d5 24. Nxd5 Bxd5 25. Bxd5 e4 26. Ke2 (26. Qd2 {(!, Leko)} Qe5 (26... b4 27. c4
Ra5 28. O-O Ra2 29. Qf4 Rxb2 30. Ra1 $36 {1-0 Sakai,K (1910)-Fricot,F (1939)/
IECG email 2001 (39)}) 27. Bb3 Qc7 28. O-O Rf5 {(+/=, Leko)} 29. Ra1 Bf8 30.
Ra8 Rf4 31. h5 Rh4 32. Kf1 Rxh5 33. Re8 b4 34. Rxe4 bxc3 35. bxc3 Rh3 36. Re3
Rxe3 37. Qxe3 Qc5 38. Qf4 Qb5+ 39. Bc4 Qb1+ 40. Kg2 Qg6 {1/2-1/2 Sakai,
K-Sergel,C (2511)/ICCF Email 2001}) 26... Qe5 27. Bb3 Qc7 28. Qg1 b4 29. g6
hxg6 30. Qxg6 Kf8 $11 {1/2-1/2 Kasparov,G (2851)-Leko,P (2725)/Wijk aan Zee
2000 (34)}) 21. h3 (21. Rg1 Rc8 22. Qd3 Rc5 23. Be4 d5 24. Bxh7+ Kf8 {1/2-1/2
Gill,D (2450)-Valeinis,J/Corr 2000 (25)}) 21... Kh8 22. Rg1 Rc8 23. Ke2 Rc5 24.
Qd3 Bxd5 25. Nxd5 Qe6 $11 {1/2-1/2 Dominguez,L (2612)-Zambrana,O (2472)/Havana
2004 (31)}) 19. Bg2 bxc3 20. bxc3 Qb5 (20... Ra8 21. O-O Qb8 22. g5 Kh8 23. Be4
$16 {1-0 Makarczuk,J (2135)-Necula,I (2198)/IECC email 2001 (33)}) ({Knowing
the fate of dark-squared bishop from the present game one can recommend to sac
the pawn at once} 20... e4 {even if after} 21. Bxe4 {Black does not have
sufficient compensation.}) 21. Be4 Rb8 ({Although Black achieved a draw with
the sharp} 21... Nd4 {such a move requires a lot of analysis and home
preparation:} 22. f3 ({A possible improvement for White is} 22. g5 $5 Bxd5 $140
$2 (22... Rb8 23. h4 {and White has a clear plan - to push the h-pawn to h6
with many attacking ideas} (23. Nf6+ $5)) 23. Nxd5 Ne6 24. Bxh7+ $1 Kxh7 25.
Qh5+ Kg8 26. Ne7#) (22. cxd4 exd4 23. Ne7+ Kh8 $44) 22... Bxd5 23. Nxd5 Ne6 24.
Kf2 Nf4 25. Nxf4 {1/2-1/2 Leko-Lautier, Dubai 2002}) 22. g5 Bxd5 23. Nxd5 Qc4
24. Qe2 $1 Qxe2+ $2 {This is just bad. Ok, White enters a better endgame, but
why help him to improve his king's position?} (24... Na5 25. Qxc4 Nxc4 26. Ke2
Rb2+ 27. Kd3 Nb6 28. Nxb6 Rxb6 29. Ra1 Rb2 $16) 25. Kxe2 Rb2+ 26. Ke3 $16 {/+-}
Na5 (26... h6 27. h4 hxg5 28. hxg5 $16 Na5 29. Ne7+ Kf8 30. Nf5 $18 {[%cal
Gh1h7]}) 27. Ra1 Rb5 28. Ra4 $1 {[%csl Rg7] Black's position is difficult due
to the fact that his bishop is completely out of play.} Bf8 29. Rb4 $1 $18 Rc5
(29... Rxb4 30. cxb4 $18 {The b-pawn easily decides}) 30. Rb8 Kg7 31. h4 {
An amazing triumph of White's opening strategy in endgame. Black is helpless.}
Nc6 32. Re8 Na7 33. Ra8 {White obviously wants to keep his active rook.} ({
However, it is curious that even without rooks Black's position looks very bad:
} 33. h5 Rc8 34. h6+ Kh8 (34... Kg8 35. Ne7+) 35. Rxc8 Nxc8 36. f4 exf4+ 37.
Kxf4 Ne7 (37... Be7 38. Bf5 $18) 38. Nf6 Ng8 39. Ne8 Be7 40. Kf5 {and White
wins.}) 33... Nc8 34. Kd3 Ne7 35. Nf6 d5 36. Bh1 (36. Bxh7 $18 {[%cal Gh4h5,
Gh5h6]}) 36... e4+ 37. Kd2 Nc8 38. Bg2 Bd6 $2 {Loses at once} ({More stubborn
was} 38... Nb6 {although after} 39. Rd8 {followed by the march of the h-pawn
White is winning anyway.}) 39. Bh3 1-0

[Event "USA-ch"]
[Site "San Diego"]
[Date "2004.12.04"]
[Round "9"]
[White "Zilberstein, Dmitry"]
[Black "Lakdawala, Cyrus"]
[Result "0-1"]
[WhiteElo "2379"]
[BlackElo "2422"]
[Annotator "Rogozenco,D"]
[PlyCount "120"]
[EventDate "2004.11.24"]
[EventType "swiss"]
[EventRounds "9"]
[EventCountry "USA"]
[SourceTitle "CBM 105"]
[Source "ChessBase"]
[SourceDate "2005.04.11"]
[SourceVersion "1"]
[SourceVersionDate "2005.04.11"]
[SourceQuality "1"]

1. e4 c5 2. Nf3 Nc6 3. d4 cxd4 4. Nxd4 Nf6 5. Nc3 e5 6. Ndb5 h6 7. Nd6+ (7. Nd5
Nxd5 8. exd5 a6 9. dxc6 axb5 10. cxd7+ Bxd7 11. Bd3 Bc6 12. O-O Qd5 13. Qg4 h5
$14 {/=}) (7. Bc4 $5 {This is not a bad alternative to the main game.} a6 (7...
d6 $6 8. Nd5 Nxd5 9. Bxd5 $16) 8. Nd6+ Bxd6 9. Qxd6 Qe7 10. Qxe7+ Kxe7 11. O-O
d6 12. Nd5+ Nxd5 13. exd5 Nb8 $6 14. f4 Nd7 15. a4 f6 16. Ra3 $16 {1-0
Khachian,M-Lakdawala,C/Costa Mesa 2003 (29)}) 7... Bxd6 8. Qxd6 Qe7 9. Nb5 (9.
Qxe7+ Kxe7 10. Be3 d6 11. f3 Be6 12. O-O-O $14) 9... Rb8 $1 (9... Qxd6 10.
Nxd6+ Ke7 11. Nf5+ Kd8 12. Be3 $1 $16) 10. Qxe7+ (10. Be3 Nxe4 11. Qxe7+ Kxe7
12. f3 a6 13. fxe4 axb5 14. Bxb5 d6 {also doesn't bring White anything special.
}) 10... Kxe7 11. b3 Nxe4 $1 (11... d6 12. Ba3 Rd8 (12... Nxe4) 13. O-O-O Ne8
$2 (13... Nxe4 $142) 14. c4 Be6 15. Bd3 Rbc8 16. Kb2 a6 17. Nc3 Nf6 18. Rhe1
Nd7 19. Nd5+ Bxd5 20. exd5 Ncb8 21. f4 $16 {1-0 Schmaltz,R-Gunnarsson,J/
Reykjavik 2004 (41)}) 12. Ba3+ (12. f3 Nc5 13. Ba3 b6 $1) 12... d6 13. O-O-O (
13. f3 a6 (13... Nc5 14. O-O-O) 14. fxe4 axb5 15. Bxb5 Ra8 $11) 13... Rd8 14.
f3 a6 {The only move, but enough to hold the balance.} (14... Nc5 $4 15. Rxd6
$18) 15. fxe4 axb5 16. Bxb5 Ra8 17. Kb2 Bg4 18. Rd2 Ra5 19. c4 (19. Rd5 Nd4 20.
Bc4 $13) 19... Nd4 20. Bb4 Raa8 21. a4 b6 22. Bc3 Ne6 (22... Nxb5 23. axb5 Bh5
$11) 23. h3 {White should have refrained from this advance, since such an
inclusion (h3 Bh5) favors rather Black, who can later attack pawn e4 with the
bishop from g6.} Bh5 24. b4 $2 ({White's main problems is his weak e4-pawn,
therefore it made sense to transfer the bishop to d5:} 24. Bc6 Rac8 25. Bb7 $5
Rc7 26. Bd5 $14 {[%cal Ga4a5] /=}) 24... f6 (24... Ng5 $2 25. Bc6 Ra7 26. Kb3
Bg6 27. Re1 $16) 25. Kb3 (25. a5 bxa5 26. bxa5 Nc5 27. Re1 Bg6 $17) 25... Rac8
$1 {[%csl Rb5] Black prevents the maneuver Bc6-d5, which would have secures
White from any problems.} 26. Bb2 $6 (26. Re1) 26... Rc7 27. Re1 Bf7 28. Re3 h5
29. Ka3 $2 (29. h4 {was necessary. Even the ugly-looking 29.g3 is better than
the game continuation.}) 29... h4 {[%cal Gg7g6,Gf6f5]} 30. a5 {This late
attempt for activity only creates new weaknesses, but White already lacks a
constructuve defensive plan anyway.} bxa5 31. bxa5 Nc5 32. Bc3 Ra8 33. Bb4 Be6
$17 {[%csl Ra5,Rc4,Re4,Rg2,Rh3,Gh4] A complete strategical disaster for White.}
34. Kb2 Rb8 35. Ka3 Bd7 36. Bxd7 Kxd7 37. Rd5 Ra7 38. Re1 Ra6 39. Re3 Ke6 40.
Re1 g6 41. Re2 f5 42. exf5+ gxf5 $19 43. Rb2 f4 44. Be1 Rg8 45. Re2 Ra7 46. Ka2
Rc8 47. Rd4 Nb7 48. Rxf4 Nxa5 49. Bf2 Rb7 50. Rxh4 Ra8 51. Rh6+ Kf5 52. g4+ Kf4
53. Ka1 Kf3 54. Rc2 (54. Ra2 Nb3+ 55. Kb2 Nd2+ $19) 54... Nxc4+ 55. Ra2 Rxa2+
56. Kxa2 Kxf2 57. g5 e4 58. Rf6+ Kg3 59. g6 Rg7 60. Kb3 Ne5 0-1

[Event "Dubai op 6th"]
[Site "Dubai"]
[Date "2004.04.22"]
[Round "4"]
[White "Ramesh, Ramachandran B"]
[Black "Deepan Chakkravarthy, J."]
[Result "1-0"]
[WhiteElo "2493"]
[BlackElo "2331"]
[Annotator "Rogozenco,D"]
[PlyCount "103"]
[EventDate "2004.04.19"]
[EventType "swiss"]
[EventRounds "9"]
[EventCountry "UAE"]
[SourceTitle "CBM 101"]
[Source "ChessBase"]
[SourceDate "2004.07.27"]
[SourceVersion "1"]
[SourceVersionDate "2004.07.27"]
[SourceQuality "1"]

1. e4 c5 2. Nf3 Nc6 3. d4 cxd4 4. Nxd4 Nf6 5. Nc3 e5 6. Ndb5 d6 7. Bg5 a6 8.
Na3 b5 9. Bxf6 gxf6 10. Nd5 f5 11. c3 Bg7 12. Bd3 Be6 13. O-O O-O 14. Qh5 {
Thanks to Anand's efforts this line became one of the most popular weapons for
White players against Sveshnikov Sicilian.} f4 15. Rfd1 (15. Nc2 f5) 15... Rb8
16. Nc2 Qd7 17. h3 ({Another very new attempt to fight for advantage is} 17.
Qh4 f5 18. Ncb4 Nxb4 19. Nxb4 Bf6 20. Qh5 a5 21. exf5 Bf7 22. Qh6 Bg7 23. Qh4
axb4 24. f6 Bg6 25. fxg7 Qxg7 (25... Kxg7 26. cxb4 $14 {1/2-1/2 Topalov,V-Van
Wely,L/Monte Carlo 2004 (48)}) 26. Bxg6 Qxg6 27. cxb4 Rb7 28. f3 Rg7 $13 {
1/2-1/2 Vallejo Pons,F-Van Wely,L/Monte Carlo 2004 (40)}) 17... f5 (17... a5
18. Na3 $1 b4 (18... Na7 19. Bc2 $14 {1-0 Ganguly,S-Ramesh,R/Calicut 2003 (44)}
) 19. Nb5 bxc3 20. bxc3 $14 {1-0 Anand,V-Kramnik,V/Cap d'Agde 2003 (46)}) 18.
Ncb4 Nxb4 19. Nxb4 a5 20. exf5 Bxf5 {Shirov's move is somewhat
overoptimistical, as Alexey himself recognized in comments to his game versus
Hracek.} (20... Bf7 21. Qh4 axb4 22. f6 Bg6 23. fxg7 Qxg7 {is very similar to
the game Vallejo Pons-Van Wely, Monte Carlo 2004, mentioned above. The
difference is that White has here the pawn on h3 instead of h2. In both cases
it seems that Black has reasonable chances. In fact, apparently all this was
played in a correspondence game many years ago!} 24. Bxg6 Qxg6 25. Qg4 Qxg4 26.
hxg4 bxc3 27. Rxd6 cxb2 28. Rb1 Rfd8 29. Rxd8+ Rxd8 30. Rxb2 Rd1+ 31. Kh2 Rd5
32. f3 {1/2-1/2 Hawley,M-Kolenbrander,J/EU-chT1 corr7281 (32)}) 21. Nc6 Rbe8
22. Bxb5 Qc7 23. Qf3 $1 {After this improvement Black has difficulties to
prove complete compensation for the pawn.} (23. Nxa5 Rb8 24. Bc4+ Kh8 25. b4
Bg6 26. Qg4 e4 27. Rac1 f3 $36 {0-1 Hracek,Z-Shirov,A/Bremen 2003 (40)}) 23...
Kh8 24. Qd5 Re6 25. Bd3 $1 $146 {In fact only this move is a novelty. Earlier
this year another Indian GM, Surya Ganguly was the first one who played 23.Qf3,
but he went wrong here.} (25. Be2 Rg6 26. Bh5 Rh6 27. Bf3 e4 $1 28. Nd4 (28.
Bxe4 Bxe4 29. Qxe4 d5 {[%csl Rc6]}) 28... exf3 29. Nxf5 Rh5 30. Qxd6 Qf7 31. g4
fxg3 32. Nxg3 Be5 33. Qd7 Bxg3 34. Qxf7 Rxf7 35. fxg3 Rxh3 $11 {1/2-1/2
Ganguly,S-Harika,D/Mumbai 2004 (49)}) 25... e4 (25... Bxd3 $2 26. Qxe6 $18) (
25... Rg6 26. Bxf5 Rxf5 27. Nxa5 $16) 26. Bc2 $14 {[%csl Rd6,Re4][%cal Gc6d4]}
Qd7 $6 {White's main task is to exchange pieces. Best of all would be to trade
off the queens and this happened in the game. Black keeps some chances to save
the game, but it is only White who plays for a win in endgame. For these
reasons I believe 26...Qd7 is a mistake.} (26... Ree8 27. Nd4 (27. Re1 Qb7 $132
) 27... Re5 28. Qc6 Qxc6 29. Nxc6 Rb5 {is similar to the game}) ({Black should
have tried to look for complications in variations like} 26... f3 $1 27. Nd4 (
27. g4 Rg6 $1 $40 28. Bxe4 $140 $2 Bxe4 29. Qxe4 d5 {[%csl Rc6]}) (27. gxf3
Bxh3 28. Bxe4 Be5 $19 {[%cal Gc7g7]}) 27... Re5 28. Qc6 Qxc6 29. Nxc6 Rb5 {
and Black has an extra tempo comparing to the game.}) 27. Nd4 Re5 28. Qc6 Qxc6
29. Nxc6 Rb5 30. Rab1 $16 f3 (30... e3 31. Bxf5 Rfxf5 32. Kf1 $16) 31. Nd4 Bxd4
32. Rxd4 Rg8 33. g3 e3 {The only chance is to try a rook endgame. White must
be accurate with opponent's pawn on e2.} 34. Bxf5 Rxf5 35. g4 (35. Rxd6 $4 e2
36. Kh2 (36. Re1 Rxg3+ $1 $19) 36... Rff8 $132 {[%cal Gf8c8]} (36... Rgg5 37.
c4)) (35. Kf1 $5) 35... e2 36. Kh2 Rb5 37. b3 a4 38. b4 $1 (38. Rxa4 $4 Rd5 39.
Rd4 Rxd4 40. cxd4 Re8 41. Re1 Re3 $1 $19 {[%cal Ge3d3,Gd3d1]}) 38... Re5 39.
Re1 Re3 (39... Re6 40. Rf4 $19) (39... Rf8 40. Rd3 $1 (40. Kg3 Re3 $1) (40.
Rxd6 Re3 $1) 40... Re6 41. Kg3 Ref6 42. c4 $18 {[%cal Gc4c5]}) 40. fxe3 $1 f2
41. Rdd1 $1 $18 exd1=Q 42. Rxd1 Re8 43. Kg2 Rxe3 44. Rxd6 Rxc3 45. b5 Rc1 (
45... Rc2 46. b6 Rb2 47. a3 Kg7 48. g5 Kf7 49. h4 Kg7 50. h5 Kf7 51. Rc6 $18)
46. Kxf2 Rc2+ 47. Ke3 Rxa2 48. Kd3 Ra3+ 49. Kc4 Rxh3 50. Kb4 a3 51. b6 Rg3 52.
b7 1-0

[Event "EU-Cup 20th"]
[Site "Izmir"]
[Date "2004.10.04"]
[Round "2.3"]
[White "Fernandez Romero, Ernesto"]
[Black "Krasenkow, Michal"]
[Result "1/2-1/2"]
[WhiteElo "2471"]
[BlackElo "2676"]
[Annotator "Rogozenco,D"]
[PlyCount "110"]
[EventDate "2004.10.03"]
[EventType "team-swiss"]
[EventRounds "7"]
[EventCountry "TUR"]
[SourceTitle "CBM 104"]
[Source "ChessBase"]
[SourceDate "2005.01.27"]
[SourceVersion "1"]
[SourceVersionDate "2005.01.27"]
[SourceQuality "1"]
[WhiteTeam "Tiendas"]
[BlackTeam "Warsaw Polonia"]
[WhiteTeamCountry "ESP"]
[BlackTeamCountry "POL"]

1. e4 c5 2. Nf3 Nc6 3. d4 cxd4 4. Nxd4 Nf6 5. Nc3 e5 6. Ndb5 d6 7. Bg5 a6 8.
Na3 b5 9. Bxf6 gxf6 10. Nd5 f5 11. Bd3 Be6 12. Qh5 Rg8 13. g3 Rg5 14. Qd1 Bxd5
15. exd5 Ne7 16. c3 Bh6 {It was Peter Leko who first realized that taking
control over diagonal c1-h6 is probably even more important for Black than the
control on the long diagonal. By placing his bishop on h6 instead of g7 Black
prevents the move Qd1-d2, which is often very important for White.} (16... Bg7
17. Nc2 e4 18. Be2 f4 19. Qd2 $1) 17. Bf1 (17. Be2 Rc8 {I believe Lautier's
plan is the best in this position.} 18. c4 (18. Nc2 Rc5 19. Nb4 (19. a4 Rxd5
20. Qb1 {is an interesting idea, pointed out by Acs, when White has
compensation for the pawn.}) 19... a5 20. f4 (20. Na6 Rxd5 21. Bxb5+ Kf8 (21...
Rxb5 $2 22. Qa4 Qd7 23. Qxb5 Qxb5 24. Nc7+ $18) 22. Qb3 Rg4 $17) 20... Rg6 21.
Nc6 Qa8 22. Bf3 e4 $132) 18... Qa5+ $5 (18... f4 19. cxb5 e4 $13 {1-0 Polgar,
J-Lautier,J/Enghien les Bains 2003 (38)}) 19. Kf1 Kf8 20. cxb5 axb5 21. Nxb5
Rc5 22. Nc3 Nxd5 $15) (17. Nc2 e4 18. Be2 f4 $132 {[%cal Gg5d5]}) 17... f4 ({
In my opinion better is} 17... e4 18. Nc2 (18. f4 exf3 19. Qxf3 f4 $1 $132) (
18. Qd4 Bg7 19. Qd2 f4 $132) 18... f4 19. Nb4 (19. gxf4 Rxd5 20. Qg4 Rf5 21.
Qh4 Ng8 22. Qh3 Rf6 23. Rg1 Rg6 $11) 19... Qb6 $5 $13 {[%cal Ga6a5,Ge4e3]}) 18.
h4 Rg8 19. g4 Rc8 (19... Qc8 20. g5 Bg7 21. Bd3 e4 $140 22. Bxe4 Bxc3+ 23. bxc3
Qxc3+ 24. Kf1 Qxa3 25. Qd4 $5 $36 (25. Bxh7 $14)) 20. Bd3 (20. Bg2 f5 $5 21.
gxf5 (21. g5 Bg7 22. Qd2 $140 e4 $1 23. Qxf4 b4 $17) 21... Rxg2 22. Qh5+ Kd7
23. Qxh6 b4 24. Qe6+ Ke8 25. f6 (25. cxb4 $2 Qb6 $19) 25... bxa3 $17) 20... Rc5
(20... Nxd5 21. g5 (21. Bxh7 Rh8 22. Qxd5 Rxh7 23. g5 $16) 21... Bg7 22. Bxh7
Rh8 23. Qxd5 Rxh7 24. g6 $18) 21. Be4 {The control on the light squares and
blockade in the center secure White a positional advantage.} Qc8 22. g5 Bf8 23.
Nc2 h6 24. Qh5 {'!'} hxg5 25. hxg5 Nxd5 26. O-O-O Qe6 (26... Nc7 27. Nb4 Qe6
28. Rhe1) 27. Rhe1 ({White missed a tactical win:} 27. Rxd5 $1 Rxd5 28. b4 $1 {
and there is no defence against Qf3, winning the rook and remaining with a
piece up.} Rc5 29. bxc5 d5 30. Bh7 $1 (30. Bg2 Bxc5 $44) 30... Rg7 31. Qf3 Bxc5
(31... Rxg5 32. Nb4 Bxc5 33. Nxd5 $18) 32. Bf5 Qxf5 33. Qxd5 $18) 27... Ne7 28.
Kb1 (28. Nb4 $5 a5 (28... d5 29. Nd3) 29. Nd3 Rc7 30. Kb1 $14 d5 $140 $2 31.
Bh7 $18) 28... d5 29. Nd4 {'=' '!'} (29. Bh1 $2 Qf5 $17 {[%csl Rg5][%cal Ge5e4]
}) 29... Qd6 (29... exd4 $2 30. Bh7 $18) 30. Nf5 Nxf5 31. Bxf5 Be7 {'=' The
rest must have happened in the mutual time trouble.} 32. Qe2 (32. Rg1) 32...
Rxg5 33. Qxe5 Qxe5 34. Rxe5 d4 {'?'} (34... f6 $19 35. Rxe7+ (35. Rdxd5 fxe5) (
35. Rexd5 Rxf5) 35... Kxe7 36. Bh3 Kd6 $19) 35. Rxc5 Bxc5 36. cxd4 Rxf5 37.
dxc5 Rxc5 38. Rd4 Rf5 39. Kc2 Ke7 40. a4 Ke6 41. axb5 axb5 42. f3 Kf6 43. Kd3
Kg5 44. Ke2 Re5+ 45. Kf2 Rc5 46. Rb4 Kf5 47. Kg2 Kg5 48. Kf2 f5 49. Kg2 Kf6 50.
Kh3 Ke5 51. Kh4 Kf6 52. Rxf4 Rc8 53. Rb4 Rb8 54. Kg3 Ke5 55. Kf2 Rb7 1/2-1/2

[Event "Bundesliga 0405"]
[Site "Germany"]
[Date "2005.01.29"]
[Round "8.3"]
[White "Polzin, Rainer"]
[Black "Chuchelov, Vladimir"]
[Result "1-0"]
[WhiteElo "2517"]
[BlackElo "2571"]
[Annotator "Rogozenco,D"]
[PlyCount "85"]
[EventDate "2004.11.12"]
[EventType "team-tourn"]
[EventRounds "15"]
[EventCountry "GER"]
[SourceTitle "CBM 106"]
[Source "ChessBase"]
[SourceDate "2005.06.06"]
[SourceVersion "1"]
[SourceVersionDate "2005.06.06"]
[SourceQuality "1"]
[WhiteTeam "Neukoelln"]
[BlackTeam "Katernberg"]
[WhiteTeamCountry "GER"]
[BlackTeamCountry "GER"]

{[%mdl 1]} 1. e4 c5 2. Nf3 Nc6 3. d4 cxd4 4. Nxd4 Nf6 5. Nc3 e5 6. Ndb5 d6 7.
Bg5 a6 8. Na3 b5 9. Nd5 Be7 10. Bxf6 Bxf6 11. c4 {A harmless variation,
requiring some knowledge from Black, though.} Qa5+ $6 {This natural-looking
check is in fact already a mistake.} ({Black equalizes after} 11... b4 12. Nc2
a5 13. Be2 (13. Nxf6+ Qxf6 $11) 13... O-O 14. O-O Bg5 $11) 12. Qd2 b4 (12...
Qxd2+ 13. Kxd2 Bg5+ 14. Kd1 $16 (14. Ke1)) 13. Nc2 Rb8 {Comparing to 11...b4
Black must waste a lot of time here. Besides, the absense of the queen from
the kingside offers White additional possibilities for developing an
initiative there. The present game is a good example that a better pawn
structure is a very important factor in evaluating a position.} 14. b3 Qc5 {
The consequence of the previous play. Black must lose more time, since White
threatened a2-a3. However, now he will develop an initiative on the kingside.}
(14... Bd8 15. a3 bxa3 16. b4 $16 {1-0 Rudd,J-Morris,G/West Bromwich 2002 (32)}
) 15. Nxf6+ gxf6 16. g3 $5 $146 (16. Qh6 $16) (16. Rd1 {has been played before.
}) 16... a5 $6 {A clear sign of not seizing the danger.} (16... h5 {was called
for:} 17. Bg2 (17. h4 Bg4 18. Bg2 a5) 17... h4) 17. Bg2 Be6 18. Rd1 Ke7 19. O-O
a4 (19... h5 $142) 20. Qh6 $1 $16 {[%csl Re7,Rf6][%cal Gg2h3,Yd1d3,Yd3f3]
Black's position is more difficult than it may appear. White has easy play,
with several plans to increase the pressure.} Ra8 21. Rd3 axb3 22. axb3 Rhg8 (
22... Ra2 23. Rf3 $18) 23. Bh3 Rg6 24. Qxh7 $18 Rag8 25. Bxe6 (25. Rfd1 $1 {
This is even more precise, not allowing Black to take control over squares d5
and f5. Black can resign, since he is losing by force:} R6g7 (25... Rd8 26.
Bxe6 $18) 26. Qh4 Rd8 27. Rf3 Rg6 28. Bxe6 Kxe6 (28... fxe6 29. Qh7+) 29. Ne3
Nd4 30. Qh3+ Ke7 31. Rxd4 exd4 (31... Qxd4 32. Nf5+) 32. Nd5+ Ke8 33. Qh7 d3
34. Nxf6+ Rxf6 35. Rxf6 {and White either mates, or wins both pawns f7 and d3.}
) 25... R6g7 26. Qh6 fxe6 27. Rfd1 Rg6 28. Qh3 {Black cannot defend against
Rxd6, with a technically winning position. A good game by Rainer Polzin, who
after 20.Qh6 didn't give any chance to his much more experienced opponent.}
R6g7 29. Rxd6 Qxd6 30. Rxd6 Kxd6 31. Qh6 Ke7 32. Qe3 Rb8 33. Qc5+ Kd7 34. Kg2
Rgg8 35. h4 Rgc8 36. Qe3 Ke7 37. g4 Rd8 38. Qc5+ Rd6 39. h5 Kd7 40. h6 Rd3 41.
h7 Rxb3 42. Qb5 Rd8 43. c5 1-0